000
00266nam a2200121Ia 4500
005
20251222144920.0
008
251222s9999||||xx |||||||||||||| ||spa||
020
_a
950-785-007-4
082
_a
923.31/K28
100
_a
"Kaye, Tony"
245
0
_a
Walesa
942
_c
LIB
999
_c
22682
_d
22682